South American countries by population Quiz Stats

 Plays Quiz not verified by Sporcle

Score 0/12 Timer 01:00
0 Plays Today
Rank Country % Correct
1Brasil
100%
3Argentina
97.4%
2Colombia
96%
4PerĂº
93.9%
5Venezuela
89.3%
6Chile
88.1%
7Ecuador
82.6%
9Paraguay
79.2%
10Uruguay
77.6%
8Bolivia
76.8%
12Suriname
74.5%
11Guyana
74.3%

You're not logged in!

Compare scores with friends on all Sporcle quizzes.
Join for Free
OR
Log In

You Might Also Like...

Show Comments

Extras

Top Quizzes Today


Score Distribution

Your Account Isn't Verified!

In order to create a playlist on Sporcle, you need to verify the email address you used during registration. Go to your Sporcle Settings to finish the process.

Report this User

Report this user for behavior that violates our Community Guidelines.

Details: